Tytuły TOP 50 Polska w grudniu 2025 - Statystyki

Ogólne statystyki
  • Ten quiz został rozwiązany 33 razy
  • Średni wynik to 15 z 50
Statystyki odpowiedzi
Tytuł Świąteczna? % Poprawnych
Last {christmas} 🎄
100%
All I {want} for Christmas is you 🎄
87%
Plan {B}
83%
{Snow}man 🎄
73%
FIKU {MIKU}
70%
Kamień z {serca}
70%
Coraz {bliżej} święta 🎄
63%
Jingle Bell {Rock} 🎄
57%
1998 (mam to we {krwi})
50%
Dom nad {wodą}
50%
Feliz {Navidad} 🎄
50%
CASA{BLANCA}
47%
Let it {snow} Let it {snow} Let it {snow} 🎄
47%
Let it {snow} Let it {snow} Let it {snow} 🎄
47%
dopóki się nie {znudzisz}
37%
{Santa} tell me 🎄
37%
Z kopyta {kulig} rwie 🎄
37%
KAMI{KAZE}
33%
Rockin' {around} the Christmas tree 🎄
33%
Dzień {jeden} w roku 🎄
30%
It's the most {wonderful} time of the year 🎄
30%
{Zabiorę} cię tam
30%
Ba{cia}ta
27%
Carol of the {bells} 🎄
27%
to nieprawda, że nie lubisz {róż}
23%
Bailando {2}
20%
Driving {home} for Christmas 🎄
20%
Halo tu {Londyn}
20%
Kto {wie}? 🎄
20%
{Merry Christmas} everyone 🎄
20%
12 to {12}
17%
Do they {know} it's Christmas? 🎄
17%
It's Beginning to {look a lot} like Christmas 🎄
17%
It's Beginning to {look a lot} like Christmas 🎄
17%
Mistle{toe} 🎄
17%
Phan{tom}
17%
Plain {Jane}
17%
WHERE IS MY {HUSBAND}!
17%
The Fate of {Ophelia}
13%
Holly {Jolly} Christmas 🎄
10%
The Christmas {Song} 🎄
10%
JUŻ PÓŹNO ALE {PIENIĄDZ} NIE ŚPI
7%
{KLA}SYK
7%
SIE {KLEI}
7%
{Sleigh} ride 🎄
7%
Happy {XMAS} 🎄
3%
Ku{lig}
3%
SYR{ENKA}
3%
{Underneath} the tree 🎄
3%
Wonderful {Christmastime} 🎄
3%
Nie znaleziono quizów pasujących do podanych kryteriów
Rozkład punktacji
Procent ludzi z każdym wynikiem
Percentyl według liczby udzielonych odpowiedzi
Twoja historia wyników
Nie rozwiązałeś tego quizu